[Event "67.Camp. Veneto Quarti di Finale"]
[Site "Arquà Petrarca ITA"]
[Date "2007.05.13"]
[Round "6.11"]
[White "Rodeghiero, Andrea"]
[Black "Bettera, Roberto"]
[Result "1/2-1/2"]
[WhiteElo "1938"]
[BlackElo "2023"]
[Annotator "Roberto Bettera"]
[PlyCount "84"]
[EventDate "2007.05.05"]
[EventType "swiss"]
[EventRounds "6"]
[EventCountry "ITA"]
[SourceTitle "Inf 22"]

1. g3 Nf6 2. Bg2 d5 3. c4 c6 4. b3 g6 5. Bb2 Bg7 6. Nf3 O-O 7. O-O Nbd7 8. d4 Ne4 9. Nbd2 Ndf6 10. c5 a5 11. Ne5 Bf5 12. Ndf3 Qc8 13. b4 axb4 14. Qb3 Bh3 15. Qxb4 Bxg2 16. Kxg2 Qc7 17. Bc1 Ra6 18. Bf4 Qc8 19. Rfb1 Ra7 20. Qb6 Qa8 21. Rb2 Nh5 22. Be3 f6 23. Nd3 f5 24. Nfe5 Nc3 25. Qb3 Nb5 26. a4 Nc7 27. Nd7 Re8 28. N3e5 Ne6 29. f4 Nf6 30. Nb6 Qd8 31. h3 Ne4 32. Nbd7 Nf6 33. Qb6 Qa8 34. Rb4 Nxd7 35. Nxd7 Rd8 36. Ne5 Bxe5 37. fxe5 Rd7 38. Rbb1 Rxa4 39. Qb2 Qa6 40. Rxa4 Qxa4 41. Ra1 Qc4 42. Rc1 Qa6 1/2-1/2

[Event "67.C.to ITA Semifinale"]
[Site "Cortina d'Ampezzo ITA"]
[Date "2007.07.08"]
[Round "1.1"]
[White "Brunello, Sabino"]
[Black "Valsecchi, Alessio"]
[Result "1-0"]
[WhiteElo "2475"]
[BlackElo "2175"]
[Annotator "Gabriele Ballarin"]
[PlyCount "49"]
[EventDate "2007.07.08"]
[EventType "swiss"]
[EventCountry "ITA"]

1. e4 c5 2. Nf3 d6 3. d4 cxd4 4. Nxd4 Nf6 5. Nc3 g6 6. Be3 Bg7 7. f3 O-O 8. Qd2 Nc6 9. Bc4 Bd7 10. O-O-O Qa5 11. g4 Rfc8 12. Bb3 Ne5 13. h4 Bxg4 14. fxg4 Nexg4 15. Bg5 Rxc3 16. Bxf6 Nxf6 17. Qxc3 Bh6+ 18. Kb1 Qxc3 19. bxc3 Nxe4 20. Kb2 Rc8 21. Rhf1 Nxc3 22. Rd3 Bg7 23. Rxf7 Na4+ 24. Kb1 Nc3+ 25. Rxc3 1-0

[Event "67.C.to ITA Semifinale"]
[Site "Cortina d'Ampezzo ITA"]
[Date "2007.07.08"]
[Round "1.2"]
[White "Bartolini, Tommaso"]
[Black "Vocaturo, Daniele"]
[Result "1-0"]
[WhiteElo "2171"]
[BlackElo "2450"]
[Annotator "Gabriele Ballarin"]
[PlyCount "67"]
[EventDate "2007.07.08"]
[EventType "swiss"]
[EventCountry "ITA"]

1. d4 Nf6 2. Bg5 e6 3. Nf3 h6 4. Bh4 c5 5. e3 Be7 6. Nbd2 b6 7. Bxf6 gxf6 8. g3 Bb7 9. Bg2 d6 10. O-O Nd7 11. c4 f5 12. a4 Nf6 13. a5 O-O 14. a6 Bc6 15. d5 exd5 16. Nh4 Qc8 17. Qf3 Bd7 18. Qf4 Ne4 19. Nxe4 dxe4 20. Qxh6 Qd8 21. Rad1 Bg5 22. Qh5 Qf6 23. Rxd6 Qxd6 24. Qxg5+ Kh8 25. Qh5+ Kg7 26. Rd1 Qe7 27. Nxf5+ Bxf5 28. Qxf5 Rfe8 29. Rd5 Qe6 30. Qg5+ Kf8 31. h4 Rac8 32. Bh3 Qc6 33. Bxc8 Rxc8 34. h5 1-0

[Event "67.C.to ITA Semifinale"]
[Site "Cortina d'Ampezzo ITA"]
[Date "2007.07.08"]
[Round "1.3"]
[White "Bruno, Fabio"]
[Black "Xia, Jie"]
[Result "1-0"]
[WhiteElo "2443"]
[BlackElo "2166"]
[Annotator "Gabriele Ballarin"]
[PlyCount "141"]
[EventDate "2007.07.08"]
[EventType "swiss"]
[EventCountry "ITA"]

1. Nf3 d5 2. b3 Nf6 3. Bb2 Bf5 4. e3 e6 5. Be2 Bd6 6. Nh4 Bg6 7. Nxg6 hxg6 8. h3 Qe7 9. c4 c6 10. cxd5 cxd5 (10... exd5 11. a3) 11. a3 Nc6 12. b4 a5 13. Qa4 O-O 14. b5 Ne5 15. h4 Rfe8 16. d3 Ned7 17. h5 g5 18. h6 Nb6 19. Qd1 e5 20. hxg7 Kxg7 21. Nd2 Rh8 22. Rg1 a4 23. Nf1 e4 24. dxe4 dxe4 25. Qd4 Bc5 26. Qc3 Nbd5 27. Qd2 Rhd8 28. Ng3 Kg6 29. Qc2 Bd6 30. Nxe4 Nxe4 31. Bd3 f5 32. g4 Kf7 33. Bc4 Be5 34. Rd1 Nef6 35. Qxf5 Bxb2 {=} 36. Rh1 Qe5 37. Rxd5 Rxd5 38. Bxd5+ Qxd5 39. Rh7+ Kf8 40. Rh8+ Ke7 41. Qxd5 Nxd5 42. Rxa8 Bxa3 43. Rxa4 Bc5 44. Kd2 b6 45. Ra7+ Ke6 46. Kd3 Ke5 47. Rf7 Ne7 48. Rf8 Ke6 49. Ke4 Nd5 50. Re8+ Be7 51. Rb8 Bc5 52. Re8+ Be7 {=} 53. Rb8 Bc5 54. Kd3 Nb4+ 55. Kc4 Nd5 56. Rg8 Be7 57. Rg6+ Bf6 58. Rh6 Ne7 59. f4 Ng8 60. Rh1 Be7 61. Rh7 gxf4 62. exf4 Bd6 63. Rh8 Nf6 64. g5 Nd7 65. Rh6+ Ke7 66. Rh7+ Ke8 67. f5 Bf4 68. Rg7 Ne5+ 69. Kd5 Nf7 70. Rg8+ Ke7 71. f6+ 1-0

[Event "67.C.to ITA Semifinale"]
[Site "Cortina d'Ampezzo ITA"]
[Date "2007.07.08"]
[Round "1.4"]
[White "Pomaro, Alberto"]
[Black "Borgo, Giulio"]
[Result "0-1"]
[WhiteElo "2149"]
[BlackElo "2429"]
[Annotator "Gabriele Ballarin"]
[PlyCount "112"]
[EventDate "2007.07.08"]
[EventType "swiss"]
[EventCountry "ITA"]

1. d4 Nf6 2. c4 e6 3. Nf3 d5 4. Nc3 c6 5. cxd5 exd5 6. Bg5 Nbd7 7. e3 Qa5 8. Bxf6 Nxf6 9. Qc2 Bd6 10. Bd3 Qc7 11. h3 g6 12. Rb1 Qe7 13. O-O O-O 14. Rfe1 Rd8 15. Nd2 Be6 16. f4 c5 17. dxc5 Bxc5 18. Nb3 d4 19. Nxc5 Qxc5 20. f5 Bxf5 21. Bxf5 dxc3 22. Bd3 Nd5 23. Be4 Rac8 24. Bxd5 Rxd5 25. Qxc3 Qxc3 26. bxc3 b6 27. Rb3 Rd2 28. Ra3 Rc7 29. e4 Rd3 30. Rc1 Re3 31. Ra4 Re7 32. c4 R3xe4 33. Ra6 Rc7 34. Kf2 Re5 35. Rc3 h5 36. Re3 Rf5+ 37. Kg3 Rxc4 38. Rxa7 h4+ 39. Kh2 Rf1 40. Rf3 Rxf3 41. gxf3 b5 42. Kg1 Kg7 43. Ra5 Rc1+ 44. Kg2 Rc2+ 45. Kg1 b4 46. Rb5 Rb2 47. Rb6 Kh6 48. Rb5 f5 49. f4 Kg7 50. Rb6 Kf7 51. Kh1 Ke7 52. Kg1 Kd7 53. Rxg6 Rxa2 54. Rb6 Rb2 55. Rb5 b3 56. Rxf5 Rc2 0-1

[Event "67.C.to ITA Semifinale"]
[Site "Cortina d'Ampezzo ITA"]
[Date "2007.07.08"]
[Round "1.5"]
[White "Mogranzini, Roberto"]
[Black "Moncelli, Giorgio"]
[Result "1-0"]
[WhiteElo "2411"]
[BlackElo "2147"]
[Annotator "Gabriele Ballarin"]
[PlyCount "79"]
[EventDate "2007.07.08"]
[EventType "swiss"]
[EventCountry "ITA"]

1. e4 e5 2. Nf3 Nf6 3. Nxe5 d6 4. Nf3 Nxe4 5. Nc3 Nf6 6. d4 Be7 7. d5 O-O 8. h3 Nbd7 9. Be3 c6 10. Be2 Re8 11. O-O Nb6 12. dxc6 bxc6 13. Nd4 Bd7 14. Re1 c5 15. Nb3 Na4 16. Nxa4 Bxa4 17. Bf3 Rb8 18. Qd2 Qc7 19. Bf4 Rbd8 20. Na5 Qb6 21. b3 Bb5 22. a4 Bd7 23. Nc4 Qa6 24. Nxd6 Be6 25. Rad1 Bxd6 26. Bxd6 c4 27. Qb4 cxb3 28. cxb3 h6 29. Bg3 Bf5 30. Rxd8 Rxd8 31. Re5 Be6 32. Ra5 Qd3 33. Qf4 a6 34. b4 Kh7 35. Qe3 Qb1+ 36. Kh2 Qxb4 37. Rxa6 Bc4 38. Ra7 Re8 39. Qf4 Qc5 40. Rc7 1-0

[Event "67.C.to ITA Semifinale"]
[Site "Cortina d'Ampezzo ITA"]
[Date "2007.07.08"]
[Round "1.6"]
[White "Bozzali, Ermanno"]
[Black "Piscopo, Pierluigi"]
[Result "0-1"]
[WhiteElo "2138"]
[BlackElo "2392"]
[Annotator "Gabriele Ballarin"]
[PlyCount "50"]
[EventDate "2007.07.08"]
[EventType "swiss"]
[EventCountry "ITA"]

1. d4 Nf6 2. Nf3 g6 3. Bf4 Bg7 4. c4 c5 5. Nc3 cxd4 6. Nxd4 O-O 7. e3 d6 8. Nb3 Nc6 9. Be2 Na5 10. O-O Be6 11. Nd5 Nxb3 12. axb3 Bxd5 13. cxd5 Qb6 14. Bg5 Rfc8 15. Ra4 h6 16. Bh4 Rc5 17. Bxf6 Bxf6 18. b4 Rc7 19. Qb3 h5 20. Raa1 Rcc8 21. Rfc1 a5 22. Rxc8+ Rxc8 23. Rxa5 Rc1+ 24. Bd1 Qxb4 25. Ra8+ Kg7 0-1

[Event "67.C.to ITA Semifinale"]
[Site "Cortina d'Ampezzo ITA"]
[Date "2007.07.08"]
[Round "1.7"]
[White "Rombaldoni, Denis"]
[Black "Parella, Alfredo"]
[Result "1-0"]
[WhiteElo "2383"]
[BlackElo "2137"]
[Annotator "Gabriele Ballarin"]
[PlyCount "81"]
[EventDate "2007.07.08"]
[EventType "swiss"]
[EventCountry "ITA"]

1. d4 Nf6 2. c4 c5 3. d5 e5 4. Nc3 d6 5. e4 Be7 6. h3 Nbd7 7. Nf3 a6 8. Be3 Rb8 9. a4 h5 10. Be2 h4 11. O-O Nf8 12. Ne1 Ng6 13. Nd3 b6 14. b4 a5 15. bxc5 bxc5 16. Bf3 O-O 17. Nb5 Ne8 18. Bh5 Nf6 19. Bf3 Bd7 20. Bd2 Nh7 21. Bg4 Bxg4 22. Qxg4 Bg5 23. Bxg5 Nxg5 24. Rab1 Nh7 25. Rb3 Nf6 26. Qf3 Ne8 27. Rfb1 Nc7 28. Na7 Rxb3 29. Rxb3 Na6 30. Nc6 Qc7 31. Rb5 Nb4 32. Nxa5 Nc2 33. Nc6 Na3 34. Nxc5 Nxb5 35. Na6 Nd4 36. Nxc7 Nxf3+ 37. gxf3 Rc8 38. Nb5 Ra8 39. a5 Nf4 40. Nc7 Rc8 41. Ne7+ 1-0

[Event "67.C.to ITA Semifinale"]
[Site "Cortina d'Ampezzo ITA"]
[Date "2007.07.08"]
[Round "1.8"]
[White "Vianello, Enrico"]
[Black "Genocchio, Daniele"]
[Result "0-1"]
[WhiteElo "2137"]
[BlackElo "2375"]
[Annotator "Gabriele Ballarin"]
[PlyCount "120"]
[EventDate "2007.07.08"]
[EventType "swiss"]
[EventCountry "ITA"]

1. d4 c6 2. Nf3 Nf6 3. c4 d6 4. Nc3 Nbd7 5. e4 e5 6. Be2 Be7 7. O-O O-O 8. Qc2 Re8 9. h3 a6 10. Be3 b5 11. dxe5 dxe5 12. a3 b4 13. axb4 Bxb4 14. Na2 Bc5 15. Bd2 a5 16. Nc3 Bb7 17. Na4 Qe7 18. Bc3 Bb4 19. Bxb4 Qxb4 20. Rfd1 Nc5 21. Nxc5 Qxc5 22. Bd3 Nd7 23. Bf1 Qe7 24. Nd2 Red8 25. Qc3 Nc5 26. f3 h6 27. b4 axb4 28. Qxb4 Rxa1 29. Rxa1 Qd6 30. Ra2 Nxe4 31. Qxd6 Nxd6 32. c5 Nf5 33. Nc4 f6 34. Ra7 Bc8 35. Ra8 Rf8 36. Bd3 Be6 37. Ra7 Nd4 38. Nd6 Nb3 39. Rc7 Nxc5 40. Bc4 Bxc4 41. Nxc4 Ra8 42. Rxc6 Nd3 43. Ne3 Ra1+ 44. Kh2 Ra2 45. Rc2 Rxc2 46. Nxc2 Kf7 47. Kg1 Ke6 48. Ne3 f5 49. Kf1 Nf4 50. Kf2 Nd5 51. Nc4 h5 52. h4 f4 53. Kg1 Ne3 54. Nxe3 fxe3 55. Kf1 Kd5 56. Ke1 Kc4 57. Ke2 Kd4 58. g4 e4 59. fxe4 hxg4 60. e5 g3 0-1

[Event "67.C.to ITA Semifinale"]
[Site "Cortina d'Ampezzo ITA"]
[Date "2007.07.08"]
[Round "1.9"]
[White "Dvirnyy, Danyyil"]
[Black "Alberton, Roberto"]
[Result "1-0"]
[WhiteElo "2365"]
[BlackElo "2132"]
[Annotator "Gabriele Ballarin"]
[PlyCount "69"]
[EventDate "2007.07.08"]
[EventType "swiss"]
[EventCountry "ITA"]

1. e4 g6 2. d4 Bg7 3. Nf3 d6 4. Bc4 Nf6 5. Qe2 c6 6. Bb3 e5 7. dxe5 dxe5 8. Nbd2 Qc7 9. O-O O-O 10. a4 Nbd7 11. a5 Nc5 12. Bc4 Be6 13. b4 Bxc4 14. Qxc4 Ne6 15. Bb2 Ne8 16. Qb3 c5 17. Nc4 Nd4 18. Nxd4 cxd4 19. b5 Rc8 20. Ra4 Nf6 21. Ba3 Rfd8 22. b6 axb6 23. axb6 Qb8 24. Be7 Nxe4 25. Bxd8 Rxd8 26. Ra5 Nc3 27. f3 Kh8 28. Rfa1 f5 29. Qa3 h6 30. Ra8 Qxa8 31. Qxa8 Rxa8 32. Rxa8+ Kh7 33. Rb8 e4 34. Rxb7 d3 35. cxd3 1-0

[Event "67.C.to ITA Semifinale"]
[Site "Cortina d'Ampezzo ITA"]
[Date "2007.07.08"]
[Round "1.10"]
[White "Fontana, Enrico"]
[Black "De Santis, Alessio"]
[Result "0-1"]
[WhiteElo "2128"]
[BlackElo "2344"]
[Annotator "Gabriele Ballarin"]
[PlyCount "60"]
[EventDate "2007.07.08"]
[EventType "swiss"]
[EventCountry "ITA"]

1. e4 c5 2. f4 Qc7 3. d3 a6 4. Nf3 d6 5. Nc3 e6 6. g3 Nc6 7. Bg2 Nge7 8. O-O g6 9. Rb1 Bg7 10. Be3 Bd7 11. d4 cxd4 12. Nxd4 O-O 13. Nce2 Rac8 14. c3 Rfd8 15. Nxc6 Nxc6 16. Nd4 Na5 17. Kh1 e5 18. Nc2 Bb5 19. Rf2 Nc4 20. Bc1 a5 21. b3 Nb6 22. c4 Bc6 23. f5 Nd7 24. Ne3 Nc5 25. Nd5 Bxd5 26. cxd5 Qb6 27. Be3 Qb4 28. Qf3 a4 29. Bd2 Qb6 30. b4 Nxe4 0-1

[Event "67.C.to ITA Semifinale"]
[Site "Cortina d'Ampezzo ITA"]
[Date "2007.07.08"]
[Round "1.11"]
[White "Castaldo, Folco Vincenzo"]
[Black "Barlocco, Carlo"]
[Result "1-0"]
[WhiteElo "2345"]
[BlackElo "2116"]
[Annotator "Gabriele Ballarin"]
[PlyCount "97"]
[EventDate "2007.07.08"]
[EventType "swiss"]
[EventCountry "ITA"]

1. d4 d5 2. c4 c6 3. Nc3 e6 4. e3 f5 5. g4 Nf6 6. gxf5 exf5 7. cxd5 cxd5 8. Qb3 Nc6 9. Bg2 Bb4 10. Nge2 O-O 11. Bd2 Kh8 12. Nf4 Re8 13. O-O-O Bxc3 14. Bxc3 Ne4 15. Be1 Be6 16. Kb1 Qd6 17. f3 Nf6 18. Bg3 Qb4 19. Qxb4 Nxb4 20. a3 Nc6 21. Bh4 Bf7 22. Bxf6 gxf6 23. Rhe1 Re7 24. b3 Rc7 25. Bh3 Ne7 26. Rc1 Rac8 27. Rxc7 Rxc7 28. Kb2 Kg7 29. Bf1 Kh6 30. Bd3 Bh5 31. Be2 Rc8 32. Rg1 Bf7 33. Bd3 Rc6 34. Rg3 Rc8 35. b4 Rc6 36. a4 Rc8 37. a5 Nc6 38. Rh3+ Kg7 39. Rxh7+ Kg8 40. Bxf5 Re8 41. Rxf7 Rxe3 42. Rxb7 Nxd4 43. Bh7+ Kf8 44. Nxd5 Rb3+ 45. Kc1 Rxf3 46. Rxa7 Rf2 47. Bg6 Rg2 48. Rf7+ Ke8 49. Nxf6+ 1-0

[Event "67.C.to ITA Semifinale"]
[Site "Cortina d'Ampezzo ITA"]
[Date "2007.07.08"]
[Round "1.12"]
[White "Stella, Andrea"]
[Black "Rossi, Carlo"]
[Result "0-1"]
[WhiteElo "2114"]
[BlackElo "2340"]
[Annotator "Gabriele Ballarin"]
[PlyCount "52"]
[EventDate "2007.07.08"]
[EventType "swiss"]
[EventCountry "ITA"]

1. c4 Nc6 2. Nc3 d6 3. g3 h5 4. Nf3 e5 5. d4 exd4 6. Nxd4 h4 7. Nxc6 bxc6 8. Bg2 Bd7 9. Qa4 Ne7 10. Bg5 f6 11. Bf4 g5 12. Bd2 Bg7 13. O-O-O h3 14. Be4 a5 15. f4 g4 16. Rhe1 Qb8 17. Qc2 f5 18. Bh1 O-O 19. e4 a4 20. e5 dxe5 21. fxe5 Be6 22. Nxa4 Qa7 23. b3 Rfb8 24. Be3 Qa5 25. Bd2 Qa6 26. Nc5 Qa3+ 0-1

[Event "67.C.to ITA Semifinale"]
[Site "Cortina d'Ampezzo ITA"]
[Date "2007.07.08"]
[Round "1.13"]
[White "Contin, Daniel"]
[Black "Campini, Marco"]
[Result "1-0"]
[WhiteElo "2311"]
[BlackElo "2113"]
[Annotator "Gabriele Ballarin"]
[PlyCount "125"]
[EventDate "2007.07.08"]
[EventType "swiss"]
[EventCountry "ITA"]

1. c4 c5 2. Nf3 Nc6 3. e3 g6 4. d4 d6 5. d5 Ne5 6. Nxe5 dxe5 7. Nc3 Nf6 8. e4 Bg7 9. Be2 O-O 10. g4 Ne8 11. Be3 b6 12. Qd2 Nd6 13. Rg1 Ba6 14. b3 Rb8 15. a4 Bc8 16. h4 f6 17. f4 exf4 18. Bxf4 Rb7 19. Rg3 g5 20. Be3 Nf7 21. O-O-O Qd6 22. Rdg1 h6 23. Bd3 Qe5 24. Kc2 e6 25. Rf3 Qb8 26. Rh3 Re7 27. Bf2 e5 28. Be2 Nd6 {=} 29. Be3 Bd7 30. Ra1 Qc8 31. Qd1 Be8 32. Qg1 Bg6 33. Bd3 Rb7 34. Qg2 Qd7 35. Rah1 Qe7 36. Qh2 Rbb8 37. Rf3 Qd7 38. Qg2 a6 39. Rb1 Qc8 40. Qg1 Qc7 41. Rff1 Rbc8 42. b4 b5 43. axb5 axb5 44. Kd2 cxb4 45. Rxb4 bxc4 46. Bc2 Bxe4 47. Nxe4 Nxe4+ 48. Bxe4 Qa5 49. Rfb1 c3+ 50. Ke2 c2 51. R1b3 gxh4 52. Bc1 h3 53. Rb7 Rc4 54. Qe3 Rc7 55. Rxc7 Qxc7 56. Rc3 Qd7 57. Qxh3 Rc8 58. Qf3 Rd8 59. Rc6 Qb7 60. Qc3 f5 61. gxf5 Qf7 62. Rg6 Rxd5 63. f6 1-0

[Event "67.C.to ITA Semifinale"]
[Site "Cortina d'Ampezzo ITA"]
[Date "2007.07.08"]
[Round "1.14"]
[White "Astengo, Corrado"]
[Black "Vezzosi, Paolo"]
[Result "1/2-1/2"]
[WhiteElo "2109"]
[BlackElo "2302"]
[Annotator "Gabriele Ballarin"]
[PlyCount "84"]
[EventDate "2007.07.08"]
[EventType "swiss"]
[EventCountry "ITA"]

1. e4 c5 2. Nf3 e6 3. d4 cxd4 4. Nxd4 a6 5. Nc3 b5 6. Bd3 Bb7 7. O-O Qc7 8. Kh1 Nf6 9. Qe2 d6 10. f4 Nbd7 11. a3 Be7 12. Bd2 O-O 13. Rae1 Rad8 14. Nb3 g6 15. Nd1 Qb8 16. Nf2 Rfe8 17. Bc3 Bf8 18. Ng4 Bg7 19. Nxf6+ Nxf6 20. Qf2 Rc8 21. Qh4 Nd7 22. Bxg7 Kxg7 23. f5 exf5 24. exf5 Rxe1 25. f6+ Kg8 26. Qxe1 Re8 27. Qd2 Re6 28. Nd4 Rxf6 29. Rxf6 Nxf6 30. Nf5 Bc8 31. Qc3 Bxf5 32. Qxf6 Qe8 33. Qc3 Qe3 34. h3 Qc1+ 35. Kh2 Qf4+ 36. Kh1 Be6 37. Qc6 Qg3 38. Qxa6 Qe1+ 39. Kh2 Qe5+ 40. Kh1 Qe1+ 41. Kh2 Qe5+ 42. Kh1 Qe1+ 1/2-1/2

[Event "67.C.to ITA Semifinale"]
[Site "Cortina d'Ampezzo ITA"]
[Date "2007.07.08"]
[Round "1.15"]
[White "Ramondino, Renzo"]
[Black "Scerbo, Antonio"]
[Result "1-0"]
[WhiteElo "2288"]
[BlackElo "2100"]
[Annotator "Gabriele Ballarin"]
[PlyCount "75"]
[EventDate "2007.07.08"]
[EventType "swiss"]
[EventCountry "ITA"]

1. Nf3 Nf6 2. c4 g6 3. Nc3 Bg7 4. e4 d6 5. d4 O-O 6. Be2 e5 7. O-O Nc6 8. d5 Ne7 9. Ne1 Ne8 10. Be3 f5 11. f3 f4 12. Bf2 g5 13. c5 Kh8 14. Nd3 Rg8 15. a4 Bf8 16. a5 Nf6 17. Kh1 g4 18. cxd6 cxd6 19. Bh4 Ng6 20. Bxf6+ Qxf6 21. fxg4 Qg5 22. Nf2 Nh4 23. Rg1 Be7 24. Nb5 Bd7 25. Nc7 Rac8 26. Ne6 Qg6 27. Qb3 b6 28. axb6 axb6 29. Ra7 Bxe6 30. dxe6 Rg7 31. Bf3 d5 32. Qxd5 Rc2 33. Qxe5 Bf6 34. Ra8+ Rg8 35. Rxg8+ Kxg8 36. Qb8+ Kg7 37. Nd3 Bd4 38. e7 1-0

[Event "67.C.to ITA Semifinale"]
[Site "Cortina d'Ampezzo ITA"]
[Date "2007.07.08"]
[Round "1.16"]
[White "Crippa, Gabriele"]
[Black "Scalcione, Michelangelo"]
[Result "0-1"]
[WhiteElo "2096"]
[BlackElo "2288"]
[Annotator "Gabriele Ballarin"]
[PlyCount "38"]
[EventDate "2007.07.08"]
[EventType "swiss"]
[EventCountry "ITA"]

1. d4 d6 2. e4 Nf6 3. Bd3 e5 4. c3 d5 5. dxe5 Nxe4 6. Bxe4 dxe4 7. Qa4+ Bd7 8. Qxe4 Bc6 9. Qg4 h5 10. Qh3 g5 11. Ne2 g4 12. Qg3 h4 13. Qxg4 h3 14. Bf4 Nd7 15. O-O hxg2 16. Rd1 Nxe5 17. Rxd8+ Rxd8 18. Qc8 Nf3+ 19. Kxg2 Rxc8 0-1

[Event "67.C.to ITA Semifinale"]
[Site "Cortina d'Ampezzo ITA"]
[Date "2007.07.08"]
[Round "1.17"]
[White "Bentivegna, Francesco"]
[Black "Cardili, Mariano"]
[Result "1/2-1/2"]
[WhiteElo "2277"]
[BlackElo "2094"]
[Annotator "Gabriele Ballarin"]
[PlyCount "140"]
[EventDate "2007.07.08"]
[EventType "swiss"]
[EventCountry "ITA"]

{[%evp 0,44,26,25,55,24,46,31,82,52,34,39,36,40,40,40,40,10,40,17,64,52,55,19,40,50,60,37,16,39,39,39,47,10,52,20,25,20,20,20,20,25,25,25,25,20,12]} 1. e4 e6 2. d4 d5 3. Nc3 Nf6 4. Bg5 Be7 5. e5 Nfd7 6. h4 Bxg5 7. hxg5 Qxg5 8. Nb5 Na6 9. Qd3 g6 10. Nf3 Qe7 11. O-O-O Nb6 12. Qe3 Bd7 13. Nc3 Nb4 14. a3 Nc6 15. Rh6 Na5 16. Qg5 Rc8 17. Bd3 c5 18. Qxe7+ Kxe7 19. dxc5 Rxc5 20. Rdh1 Nac4 21. Rxh7 Rxh7 22. Rxh7 Kf8 23. Ne2 Kg8 24. Rh4 Be8 25. b3 Nxa3 26. Kb2 Nb5 27. Ng5 a6 28. Nh7 Nd7 29. f4 Kg7 30. g4 f6 31. Nxf6 Nxf6 32. exf6+ Kxf6 33. Rh7 e5 34. fxe5+ Ke6 35. Bxb5 Bxb5 36. Nf4+ Kxe5 37. Nxg6+ Ke4 38. Rxb7 Kf3 39. Rf7+ Kxg4 40. Ne5+ Kg5 41. Nf3+ Kg6 42. Rf4 Kg7 43. Nd2 Be8 44. Nb1 Bg6 45. Na3 Be4 46. c3 Rc8 47. b4 a5 48. bxa5 Ra8 49. Nc4 Bh1 50. Rh4 dxc4 51. Rxh1 Rxa5 52. Rh4 Ra4 53. Rf4 Kg6 54. Kc1 Ra2 55. Rxc4 Kf5 56. Kb1 Rh2 57. Rc8 Ke5 58. Rd8 Rg2 59. Kc1 Rh2 60. Rd3 Rg2 61. Rd8 Rh2 62. Rd4 Rg2 63. Rh4 Kd5 64. Rb4 Rh2 65. Rb8 Kc4 66. Rc8+ Kb5 67. c4+ Kb6 68. Kd1 Rh4 69. Rb8+ Kc5 70. Ra8 Rxc4 1/2-1/2

[Event "67.C.to ITA Semifinale"]
[Site "Cortina d'Ampezzo ITA"]
[Date "2007.07.08"]
[Round "1.18"]
[White "Buratti, Marco"]
[Black "Mola, Pietro"]
[Result "0-1"]
[WhiteElo "1973"]
[BlackElo "2228"]
[Annotator "Gabriele Ballarin"]
[PlyCount "91"]
[EventDate "2007.07.08"]
[EventType "swiss"]
[EventCountry "ITA"]

1. e4 c5 2. Nc3 d6 3. Bc4 Nc6 4. d3 g6 5. Nge2 Bg7 6. O-O Nf6 7. Bg5 h6 8. Bd2 O-O 9. Qe1 Na5 10. Nd5 Nxc4 11. Nxf6+ exf6 12. dxc4 Re8 13. f3 Be6 14. b3 a6 15. Rd1 b5 16. Ba5 Qb8 17. Qg3 bxc4 18. Rxd6 cxb3 19. axb3 Qb5 20. Qe1 c4 21. b4 Qe5 22. Qd2 f5 23. Ng3 c3 24. Qd1 f4 25. Ne2 Bc4 26. Re1 Rac8 27. Rd7 Be6 28. Rd6 Bc4 29. Rd7 h5 30. Qc1 Bh6 31. Kf2 Bg5 32. Red1 Bh4+ 33. g3 fxg3+ 34. Nxg3 Bg5 35. Qa1 h4 36. Nf1 Bxf1 37. Kxf1 Qxh2 38. Bb6 Bd2 39. R7xd2 cxd2 40. Bd4 Qf4 41. Ke2 Rxc2 42. Qxa6 Rd8 43. Qf6 Qxf6 44. Bxf6 Rb8 45. Rh1 Rc1 46. Rxh4 0-1

[Event "67.C.to ITA Semifinale"]
[Site "Cortina d'Ampezzo ITA"]
[Date "2007.07.08"]
[Round "1.19"]
[White "Rombaldoni, Axel"]
[Black "Quaranta, Cristiano"]
[Result "1-0"]
[WhiteElo "2269"]
[BlackElo "2068"]
[Annotator "Gabriele Ballarin"]
[PlyCount "47"]
[EventDate "2007.07.08"]
[EventType "swiss"]
[EventCountry "ITA"]

1. e4 e6 2. d4 d5 3. Nc3 Nf6 4. Bg5 dxe4 5. Nxe4 Be7 6. Bxf6 Bxf6 7. Nf3 Nd7 8. Bd3 O-O 9. Qe2 b6 10. O-O-O Bb7 11. h4 c5 12. dxc5 bxc5 13. Nxf6+ Qxf6 14. Bxh7+ Kxh7 15. Ng5+ Kg8 16. Rxd7 Bc6 17. Rd2 Rab8 18. c3 Rb6 19. Qh5 Rfb8 20. Rhd1 Ba4 21. Rd8+ Qxd8 22. Qxf7+ Kh8 23. Qh5+ Kg8 24. Qh7+ 1-0

[Event "67.C.to ITA Semifinale"]
[Site "Cortina d'Ampezzo ITA"]
[Date "2007.07.08"]
[Round "1.20"]
[White "Cangiano, Federico"]
[Black "Paglietti, Nicola"]
[Result "0-1"]
[WhiteElo "2057"]
[BlackElo "2266"]
[Annotator "Gabriele Ballarin"]
[PlyCount "78"]
[EventDate "2007.07.08"]
[EventType "swiss"]
[EventCountry "ITA"]

1. d4 Nf6 2. Nf3 g6 3. Bf4 Bg7 4. e3 Nh5 5. Be5 f6 6. Bg3 Nxg3 7. hxg3 c5 8. c3 d5 9. Bd3 O-O 10. Qc2 e5 11. Bxg6 hxg6 12. Qxg6 exd4 13. Qh7+ Kf7 14. Nh4 Rh8 15. Qg6+ Kg8 16. Nd2 dxc3 17. bxc3 Nc6 18. O-O-O Ne5 19. Qc2 c4 20. Ndf3 Nd3+ 21. Kb1 Be6 22. Nd4 Rc8 23. Ka1 Qd7 24. Rb1 b6 25. Ng6 Rxh1 26. Rxh1 Kf7 27. Nf4 Bf5 28. Qe2 Nxf4 29. gxf4 b5 30. Rh4 b4 31. Qh5+ Bg6 32. Qf3 f5 33. g4 bxc3 34. gxf5 Qxf5 35. Ne2 Rb8 36. Rh1 Qe4 37. Qh3 Bf5 38. Qh5+ Kf8 39. Nd4 Rb1+ 0-1

[Event "67.C.to ITA Semifinale"]
[Site "Cortina d'Ampezzo ITA"]
[Date "2007.07.08"]
[Round "1.21"]
[White "Tocchioni, Doriano"]
[Black "Ricci, Alfredo"]
[Result "1-0"]
[WhiteElo "2261"]
[BlackElo "2038"]
[Annotator "Gabriele Ballarin"]
[PlyCount "77"]
[EventDate "2007.07.08"]
[EventType "swiss"]
[EventCountry "ITA"]

1. d4 c5 2. Nf3 Nf6 3. g3 g6 4. Bg2 Bg7 5. O-O cxd4 6. Nxd4 O-O 7. c4 Nc6 8. Nc3 Qb6 9. Nc2 Qc5 10. b3 d6 11. Rb1 Qh5 12. h4 Rb8 13. Bg5 h6 14. Bxf6 Bxf6 15. Nd5 Bg7 16. Qd2 g5 17. hxg5 Qxg5 18. Rbd1 Rd8 19. Qe3 Qxe3 20. Ndxe3 Be6 21. f4 f5 22. Bd5 Kf7 23. Nxf5 Rg8 24. Kf2 Bf8 25. Rh1 Rg6 26. Rh5 Nd8 27. Rdh1 Rc8 28. Nce3 Bxd5 29. cxd5 e6 30. Nxh6+ Ke8 31. f5 exf5 32. Nhxf5 Nf7 33. Rh7 Rc3 34. R1h4 Ne5 35. Rxb7 Nd7 36. Rh7 Nb6 37. Rxa7 Rg5 38. Rab7 Nc8 39. a4 1-0

[Event "67.C.to ITA Semifinale"]
[Site "Cortina d'Ampezzo ITA"]
[Date "2007.07.08"]
[Round "1.22"]
[White "Bazzeato, Stefano"]
[Black "Molina, Fabrizio"]
[Result "0-1"]
[WhiteElo "2030"]
[BlackElo "2260"]
[Annotator "Gabriele Ballarin"]
[PlyCount "48"]
[EventDate "2007.07.08"]
[EventType "swiss"]
[EventCountry "ITA"]

1. Nf3 d5 2. b3 Nf6 3. Bb2 e6 4. g3 a5 5. a3 Nbd7 6. Bg2 Bd6 7. O-O O-O 8. c4 Re8 9. Nc3 c6 10. d3 e5 11. cxd5 Nxd5 12. Nd2 Nxc3 13. Bxc3 f5 14. Nc4 Nf6 15. e4 Bc7 16. Qc2 Qe7 17. Rfe1 f4 18. d4 exd4 19. Bxd4 Be6 20. e5 Nd5 21. Be4 h6 22. Bg6 Rf8 23. Nd6 Qg5 24. Ne4 Qxg6 0-1

[Event "67.C.to ITA Semifinale"]
[Site "Cortina d'Ampezzo ITA"]
[Date "2007.07.08"]
[Round "1.23"]
[White "Brancaleoni, Maurizio"]
[Black "Fusari, Paolo"]
[Result "1-0"]
[WhiteElo "2256"]
[BlackElo "2006"]
[Annotator "Gabriele Ballarin"]
[PlyCount "57"]
[EventDate "2007.07.08"]
[EventType "swiss"]
[EventCountry "ITA"]

1. Nf3 Nf6 2. c4 g6 3. Nc3 Bg7 4. e4 d6 5. d4 O-O 6. Be2 Nbd7 7. O-O c5 8. d5 Ng4 9. Ne1 Nh6 10. Be3 f5 11. Qd2 Ng4 12. Bf4 Nge5 13. exf5 Rxf5 14. Bh6 Nb6 15. Bxg7 Kxg7 16. Ne4 Kg8 17. Rc1 Qf8 18. f4 Ned7 19. Bg4 Ne5 20. Bxf5 Nexc4 21. Qe2 gxf5 22. Ng3 Na5 23. Qb5 Qf6 24. Qe8+ Qf8 25. Qb5 Qf6 26. Qxa5 Qxb2 27. Nf3 Bd7 28. Rb1 Nc4 29. Qc7 1-0